Aujeszky's disease

Tallennettuna:
Bibliografiset tiedot
Aineistotyyppi: Kirja
Kieli:Undetermined
Julkaistu: Bangkok
Aiheet:
Tagit: Lisää tagi
Ei tageja, Lisää ensimmäinen tagi!
Thư viện lưu trữ: Trung tâm Học liệu Trường Đại học Cần Thơ
LEADER 00382nam a2200145Ia 4500
001 CTU_126130
008 210402s9999 xx 000 0 und d
082 |a 636.0896959 
082 |b A919 
245 0 |a Aujeszky's disease 
260 |a Bangkok 
650 |a Aujeszky’s disease 
650 |x Congresses 
904 |i Nguyên 
980 |a Trung tâm Học liệu Trường Đại học Cần Thơ